000 00733nam a22001937a 4500
005 20250918081752.0
008 250915b |||||||| |||| 00| 0 eng d
020 _a9789719655619
082 _aDFil 425 Al861 2023
100 _aAlvarado, Elsie T.
_947170
245 _aSangguniang aklat ng gramatika at pagbuo ng mapa sa wika /
_cElsie T. Alvarado, Cheryl G. Hachero, and Niña Christina L. Zamora.
260 _aManila :
_bMindshapers Co., Inc.,
_c©2023.
300 _aviii, 179 pages :
_billustrations ;
_c25 cm.
500 _aIncludes references.
650 0 _aEnglish language
_xGrammar.
_967718
700 _aHachero, Cheryl G.
_967394
_eauthor.
700 _aZamora, Niña Christina L.
_967395
_eauthor.
942 _2ddc
_cDFIL
999 _c23752
_d23752